[Event "Belgrade Trophy 21st"]
[Site "Obrenovac"]
[Date "2008.12.03"]
[Round "7"]
[White "Cujic, Ilija"]
[Black "Bekic, Ljuboje"]
[Result "0-1"]
[WhiteElo "1874"]
[BlackElo "2014"]
[PlyCount "78"]
[EventDate "2008.11.27"]
[EventType "swiss"]
[EventRounds "9"]
[EventCountry "YUG"]
[SourceTitle "CBM 127 Extra"]
[Source "ChessBase"]
[SourceDate "2009.01.08"]
[SourceVersion "2"]
[SourceVersionDate "2009.01.28"]
[SourceQuality "1"]

1. d4 Nf6 2. c4 g6 3. Nc3 Bg7 4. e4 d6 5. Bd3 e5 6. d5 0-0 7. Bg5 h6 8. Bd2 Nbd7 9. b4 c5 10. b5 a5 11. a4 Nh5 12. Qc1 Kh7 13. g4 Nf4 14. Qc2 Qh4 15. h3 Ng2+ 16. Kd1 Qxf2 17. Nge2 Qf3 18. Rg1 Qxh3 19. g5 h5 20. Kc1 Ne3 21. Qb1 f6 22. Kb2 fxg5 23. Rg3 Nxc4+ 24. Bxc4 Qh2 25. Bxg5 Rf2 26. Qd3 Nb6 27. Rh3 Nxc4+ 28. Ka2 Bxh3 29. Qxc4 Bg4 30. Re1 Bxe2 31. Nxe2 Bh6 32. Bxh6 Kxh6 33. Qc1+ g5 34. Qe3 Raf8 35. Kb1 R8f3 36. Qd2 Qh4 37. Rg1 Qxe4+ 38. Ka1 Qxa4+ 39. Kb1 Qb4+ 0-1

[Event "Belgrade Trophy 21st"]
[Site "Obrenovac"]
[Date "2008.11.30"]
[Round "4"]
[White "Bekic, Ljuboje"]
[Black "Djurasinov, Branislav"]
[Result "1/2-1/2"]
[WhiteElo "2014"]
[BlackElo "2198"]
[PlyCount "80"]
[EventDate "2008.11.27"]
[EventType "swiss"]
[EventRounds "9"]
[EventCountry "YUG"]
[SourceTitle "CBM 127 Extra"]
[Source "ChessBase"]
[SourceDate "2009.01.08"]
[SourceVersion "2"]
[SourceVersionDate "2009.01.28"]
[SourceQuality "1"]

1. e4 c6 2. d4 Na6 3. c4 g6 4. Nc3 Bg7 5. Nf3 d6 6. Be3 Bg4 7. Be2 e5 8. d5 c5 9. 0-0 Nf6 10. a3 0-0 11. Qd2 Re8 12. h3 Bc8 13. Bh6 Nh5 14. g4 Nf4 15. Bxf4 exf4 16. Qxf4 Nc7 17. Bd3 Qe7 18. Rae1 Bd7 19. Qg3 Rab8 20. Kg2 b5 21. Nd2 b4 22. Nd1 bxa3 23. bxa3 Ba4 24. Re2 Rb6 25. f4 Bxd1 26. Rxd1 g5 27. fxg5 Qxg5 28. Nf3 Qe7 29. g5 Be5 30. Qg4 Kh8 31. h4 Rb3 32. Qf5 f6 33. gxf6 Qxf6 34. Nxe5 Qxe5 35. Qxe5+ Rxe5 36. Rf2 Kg7 37. Kh1 Ne8 38. Kh2 Rxa3 39. Rg1+ Kh6 40. Bb1 a5 1/2-1/2